| 000 | 00615nam a2200205Ia 4500 | ||
|---|---|---|---|
| 003 | GCL | ||
| 008 | 140319s9999 xx 000 0 ara d | ||
| 040 |
_aGCL / _cGCL |
||
| 082 | 0 | 4 |
_a417 _bش ف |
| 100 | 1 | _aشمس الدين النواجى | |
| 245 | 1 | 0 |
_aالفوائد العلمية فى فنون من اللغات / _cشمس الدين النواجى |
| 700 | 1 | _aاحمد عبدالرحمن | |
| 300 | _a86 ص | ||
| 490 | _a | ||
| 650 | 0 | 4 | _aاللغة العربية |
| 650 | 0 | 4 | _aالمخطوطات |
| 650 | 0 | 4 | _aالكتب النادرة |
| 650 | 0 | 4 | _aاللهجات العربية |
| 942 |
_2ddc _cBK |
||
| 999 |
_c41412 _d41412 |
||